000 00403nam a2200169Ia 4500
008 180424s9999 xx 000 0 und d
084 _a338 F2
100 _a"Fabricant, Solomon"
245 0 _aPrimer on Productivity
250 _a\\197300ENGGPSX
260 _aPrentice Hall
260 _b1973
260 _cNew Delhi
300 _a203p
500 _aincludes index and biblioraphy
942 _cBK
999 _c30178
_d30178